Online
Catalog

Noam Chomsky en República Dominicana / (Record no. 38647)

MARC details
000 -CABECERA
campo de control de longitud fija 02128nam a2200349 a 4500
001 - NÚMERO DE CONTROL
campo de control 000039157
005 - FECHA Y HORA DE LA ÚLTIMA TRANSACCIÓN
campo de control 20240302073950.0
008 - DATOS DE LONGITUD FIJA--INFORMACIÓN GENERAL
campo de control de longitud fija 130528s2013 dr r 001 0 spa d
020 ## - NÚMERO INTERNACIONAL ESTÁNDAR DEL LIBRO
ISBN cancelado o inválido 9789945877557
040 ## - FUENTE DE LA CATALOGACIÓN
Centro catalogador/agencia de origen DO-SdBNP
Lengua de catalogación spa
Centro/agencia transcriptor BNPHU
082 ## - NÚMERO DE LA CLASIFICACIÓN DECIMAL DEWEY
Número de clasificación 338.980
Número de documento/Ítem C548n, 2013
100 1# - ENTRADA PRINCIPAL--NOMBRE DE PERSONA
Nombre de persona Chomsky, Noam,
Fechas asociadas al nombre 1928-
9 (RLIN) 5111
245 10 - MENCIÓN DE TÍTULO
Título Noam Chomsky en República Dominicana /
Mención de responsabilidad, etc. Noam Chomsky, José Santana ; Introducción Roberto Cassá ; traducción Miriam Véliz.
260 ## - PUBLICACIÓN, DISTRIBUCIÓN, ETC.
Lugar de publicación, distribución, etc. Santo Domingo :
Nombre del editor, distribuidor, etc. EDIT.as,
Fecha de publicación, distribución, etc. 2013.
Fabricante Búho,
300 ## - DESCRIPCIÓN FÍSICA
Extensión 185 p. ;
Dimensiones 27 cm.
500 ## - NOTA GENERAL
Nota general Traducción al español para la República Dominicana de las conferencias dictadas por Chomsky en marzo del 2006.
500 ## - NOTA GENERAL
Nota general Incluye índice onomástico.
500 ## - NOTA GENERAL
Nota general Incluye datos biográficos del autores en las solapas de la cubierta.
504 ## - NOTA DE BIBLIOGRAFÍA, ETC.
Nota de bibliografía, etc. Incluye bibliografía y notas al pie de páginas y al final de capítulos.
505 0# - NOTA DE CONTENIDO CON FORMATO
Información miscelánea Presentación /
Mención de responsabilidad José Santana --
Información miscelánea Introducción /
Mención de responsabilidad Roberto Cassá --
Información miscelánea Noam Chomsky en República Dominicana:
Título Democracia y desarrollo en latinoamerica --
-- Latinoamerica y la política exterior estadounidense --
Información miscelánea Panorámica latinoamericana:
Título Argentina --
-- Bolivia --
-- Brasil --
-- Chile --
-- Ecuador --
-- Golpe de estado en Honduras --
-- Venezuela --
Información miscelánea Apéndice:
Título Exploraciones biolingüísticas: diseño, desarrollo y evolución --
Información miscelánea Indice onomástico.
590 ## - NOTA LOCAL (RLIN)
Nota local Inventariado, 2018/BT
650 #4 - PUNTO DE ACCESO ADICIONAL DE MATERIA--TÉRMINO DE MATERIA
Término de materia o nombre geográfico como elemento de entrada Desarrollo económico
Subdivisión de forma ENSAYOS, CONFERENCIAS, ETC.
9 (RLIN) 9472
651 #4 - PUNTO DE ACCESO ADICIONAL DE MATERIA--NOMBRE GEOGRÁFICO
Nombre geográfico República Dominicana
Subdivisión general Política Económica
Subdivisión de forma ENSAYOS, CONFERENCIAS, ETC.
9 (RLIN) 63279
651 #4 - PUNTO DE ACCESO ADICIONAL DE MATERIA--NOMBRE GEOGRÁFICO
Nombre geográfico América Latina
Subdivisión general Política Y Gobierno
Subdivisión de forma ENSAYOS, CONFERENCIAS, ETC.
9 (RLIN) 63280
651 #4 - PUNTO DE ACCESO ADICIONAL DE MATERIA--NOMBRE GEOGRÁFICO
Nombre geográfico América Latina
Subdivisión general Condiciones Económicas
Subdivisión de forma ENSAYOS, CONFERENCIAS, ETC.
9 (RLIN) 63281
651 #4 - PUNTO DE ACCESO ADICIONAL DE MATERIA--NOMBRE GEOGRÁFICO
Nombre geográfico América Latina
Subdivisión general Política Económica
Subdivisión de forma ENSAYOS, CONFERENCIAS, ETC.
9 (RLIN) 63282
651 #4 - PUNTO DE ACCESO ADICIONAL DE MATERIA--NOMBRE GEOGRÁFICO
Nombre geográfico República Dominicana
Subdivisión general Condiciones Económicas
Subdivisión de forma ENSAYOS, CONFERENCIAS, ETC.
9 (RLIN) 63283
700 12 - PUNTO DE ACCESO ADICIONAL--NOMBRE DE PERSONA
Nombre de persona Santana, José
9 (RLIN) 63284
700 12 - PUNTO DE ACCESO ADICIONAL--NOMBRE DE PERSONA
Nombre de persona Véliz, Miriam,
Término indicativo de función/relación tr.
9 (RLIN) 65358
700 12 - PUNTO DE ACCESO ADICIONAL--NOMBRE DE PERSONA
Nombre de persona Cassá, Roberto,
Fechas asociadas al nombre 1948-
Término indicativo de función/relación introd.
9 (RLIN) 10888
910 ## - DATOS DE OPCIÓN DEL USUARIO (OCLC)
Datos de opción del usuario Validado. Control de calidad. EMS
Holdings
Estado de retiro Estado de pérdida Restricciones de uso No para préstamo Código de colección Localización permanente Ubicación/localización actual Ubicación en estantería Fecha de adquisición Número de inventario Total de préstamos Signatura topográfica completa Código de barras Fecha visto por última vez Número de copia Precio válido a partir de Tipo de ítem Koha
        Dominicana de Servicio General General Depósito 28.05.2013 LF1   338.980 C548n, 2013 39157-30 25.06.2020 e. 3 25.06.2020 Libro y Folleto Colección Dominicana de Servicio
      Excluido de préstamo Patrimonio Dominicano Patrimonio Dominicano Patrimonio Dominicano Depósito 28.05.2013 LF1   338.980 C548n, 2013 39157-10 25.06.2020   25.06.2020 Libro y Folleto Colección Patrimonio Dominicano
      Excluido de préstamo Patrimonio Dominicano Patrimonio Dominicano Patrimonio Dominicano Depósito 28.05.2013 LF1   338.980 C548n, 2013 39157-20 25.06.2020 e. 2 25.06.2020 Libro y Folleto Colección Patrimonio Dominicano

Powered by Koha